| 000 | 00377nam a2200145Ia 4500 | ||
|---|---|---|---|
| 008 | 230917s9999||||xx |||||||||||||| ||und|| | ||
| 040 |
_e37039 _aMAIN |
||
| 041 | _aEnglish | ||
| 082 | _a341.23 D33M | ||
| 100 | _aDayal, Rajeshwar | ||
| 245 | 0 | _aMission for hammarskjold: the congo crisis | |
| 260 |
_aDelhi _bOxford University Press _c1976 |
||
| 300 | _a335 p. | ||
| 942 | _cBK | ||
| 999 |
_c206012 _d206012 |
||